|
|
|
|
| LEADER |
00879naa a2200289 a 4500 |
| 001 |
000050921 |
| 003 |
SVKKK |
| 005 |
20050103104011.0 |
| 008 |
041217c2004 xo e cze |
| FMT |
|
|
|
| 015 |
|
|
|a SNBRA2004/12-30799
|
| 038 |
|
|
|a SVKKK
|
| 040 |
|
|
|a SVKKK
|b slo
|e AACR2
|
| 041 |
0 |
|
|a cze
|
| 044 |
|
|
|a xo
|c SK
|
| 080 |
|
|
|a 567(234.582)
|2 1997
|
| 100 |
1 |
|
|a Ekrt, Boris
|4 aut
|
| 245 |
1 |
0 |
|a Nález gigantické ryby v České křídě
|c Boris Ekrt, Michal Matějka
|
| 650 |
0 |
4 |
|a ryby gigantické
|x zvyšky fosílne
|z česká kriedová panva (Česko)
|
| 651 |
|
4 |
|a česká kriedová panva (Česko)
|x ryby gigantické
|
| 700 |
1 |
|
|a Matějka, Michal
|4 aut
|
| 773 |
0 |
|
|t 5. paleontologická konferencia
|d Bratislava : Štátny geologický ústav Dionýza Štúra, 2004
|z 80-88974-52-6
|g S. 29
|
| 958 |
|
|
|a CZ
|
| 992 |
|
|
|a RZB
|
| BAS |
|
|
|
| 852 |
|
|
|a SVKKK
|b BIB
|
| 998 |
|
|
|a GEO
|